Statystyki dla tekst piosenki - jestem bogiem

Kliknij tutaj aby rozwiązać quiz!

Ogólne statystyki

  • Ten quiz został rozwiązany 133 razy
  • Średni wynik to 193 z 365

Statystyki odpowiedzi

.% Poprawnych
j
100%
e
99%
s
99%
o
98%
b
97%
jest
97%
bo
95%
jestem
95%
to
95%
a
94%
bogiem
94%
i
94%
w
93%
n
92%
sobie
92%
z
92%
m
90%
p
90%
ja
89%
uświadom
89%
k
88%
l
86%
po
85%
że
85%
ty
84%
jesteś
82%
też
82%
za
82%
h
81%
tak
81%
mam
80%
na
80%
się
80%
mi
78%
ci
77%
od
77%
pierdoloną
76%
jedną
75%
proszę
75%
puść
75%
do
74%
emocjonalne
73%
jak
73%
tylko
73%
zaburzenia
73%
antenie
72%
cię
72%
pierdolę
72%
wyobraź
72%
co
70%
powiem
69%
powiesz
69%
schizofrenię
69%
dna
68%
łokciach
68%
obciach
68%
mnie
67%
on
67%
wiesz
67%
był
66%
da
66%
głowach
66%
mój
66%
pierdoli
66%
pizdy
66%
wszystkie
66%
boli
65%
fakt
65%
jaki
65%
reszty
65%
urok
65%
bez
64%
gdy
64%
niepokonany
64%
osobisty
64%
oszaleją
64%
rany
64%
skromny
64%
artysty
63%
63%
bólu
63%
bystry
63%
głowie
63%
jeszcze
63%
oddany
63%
potencjał
63%
woli
63%
dany
61%
dobrej
61%
duszę
61%
przejebany
61%
przezroczysty
61%
fokus
60%
czekaj
59%
ludziom
59%
rozejdziesz
59%
szczery
59%
włos
59%
jeży
58%
niewyczerpany
57%
poznają
57%
chyba
51%
których
51%
rah
48%
raz
48%
słowa
48%
dwa
45%
słyszysz
45%
spokój
41%
zakłócony
40%
materiał
33%
łatwopalny
30%
poczytalny
28%
halny
27%
tu
27%
binarny
26%
hop
26%
nieprzemakalny
26%
hip
25%
roku
25%
sens
25%
system
25%
odpowiedzialny
24%
rzucam
24%
więcej
24%
świat
23%
widzę
23%
wiem
23%
2000
22%
kauczuk
22%
mniej
22%
pędzi
22%
realny
22%
swe
22%
szoku
22%
czyny
20%
rach
20%
tym
20%
eksperymentalny
19%
słuchaj
19%
doznaje
18%
nieprzewidywalny
18%
sensei
17%
technika
17%
wyprzedza
17%
sensacyjne
16%
uczę
16%
czysta
15%
monstrualny
15%
niuanse
15%
seanse
15%
spalmy
15%
sztuki
15%
teatralny
15%
wirtualny
15%
życia
15%
fałszu
14%
żadnego
14%
awansem
13%
krach
13%
krajobraz
13%
obraz
13%
występ
13%
idealny
11%
jedynym
11%
nawiedza
11%
pełni
11%
unoszę
11%
bezsensie
10%
efektach
10%
le
10%
przed
10%
sposób
10%
tropikalny
10%
werbalny
10%
cel
9%
cios
9%
elaborat
9%
korekta
9%
naturze
9%
niekonwencjonalny
9%
energii
8%
kandydat
8%
nieobliczalny
8%
specjalnych
8%
kapitalny
7%
potencjalny
7%
przedstawił
7%
równowagi
7%
balansem
6%
biel
6%
centralny
6%
dreszcze
6%
głoszę
6%
góry
6%
hel
6%
kartki
6%
ładnie
6%
lekko
6%
milionami
6%
momentalny
6%
niepewności
6%
pan
6%
punkt
6%
słuchaczy
6%
trafiam
6%
lepsze
5%
ponadto
5%
pora
5%
spłoszę
5%
widok
5%
kontakt
3%
nami
3%
napełniam
3%
nastroszę
3%
podłogą
3%
treści
3%
tych
3%
uwierzysz
3%
wiedz
3%
zapewniam
3%
boski
2%
drogą
2%
gniew
2%
pfk
2%
przepływ
2%
trwogą
2%
zechcę
2%
bogom
1%
chęć
1%
chwili
1%
dorównania
1%
dozgonną
1%
ogon
1%
ogrom
1%
poczujesz
1%
podąża
1%
słuchaczom
1%
swą
1%
swym
1%
tej
1%
twą
1%
wrogą
1%
przysiędam
0%

Rozkład punktacji

Percentyl według liczby udzielonych odpowiedzi

Procent ludzi z każdym wynikiem

Twoja historia wyników

Nie rozwiązałeś tego quizu